[Event "Turin FreeTUR op"]
[Site "Turin"]
[Date "2007.11.06"]
[Round "1"]
[White "Pizzul, Aleksandar"]
[Black "Di Chiara, Mauro"]
[Result "1-0"]
[WhiteElo "1449"]
[BlackElo "1747"]
[PlyCount "44"]
[EventDate "2007.11.06"]
[EventType "swiss"]
[EventRounds "6"]
[EventCountry "ITA"]
[SourceTitle "EXT 2010"]
[Source "ChessBase"]
[SourceDate "2010.11.25"]
[SourceVersion "1"]
[SourceVersionDate "2010.11.25"]
[SourceQuality "1"]

1. d4 d6 2. Nf3 f5 3. e3 Nf6 4. Be2 g6 5. Nbd2 Bg7 6. c3 0-0 7. Qb3+ d5 8. 0-0 a5 9. a4 Nbd7 10. e4 Nxe4 11. Nxe4 fxe4 12. Qxd5+ Kh8 13. Qxe4 Nf6 14. Qh4 Bf5 15. Ng5 Qd7 16. h3 Rae8 17. Bf4 c6 18. Be5 e6 19. Rac1 b5 20. axb5 cxb5 21. Bxb5 Qxb5 22. Bxf6 h6 1-0